000 00893cam a22003013a 4500
001 7022
003 PGUSA
005 20140828083139.0
008 041201s2004||||xxu|||||s|||||000 d eng d
040 _aPGUSA
_beng
042 _adc
050 4 _aPR
100 1 _aShakespeare, William,
_d1564-1616
245 1 0 _aEin Sommernachtstraum
_h[electronic resource] /
_cWilliam Shakespeare
260 _bProject Gutenberg,
_c2004
500 _aTranslation of: A Midsummer Night's Dream
506 _aPublic domain in the USA.
516 _aElectronic text
653 _aCourtship -- Drama
653 _aComedies
653 _aAthens (Greece) -- Drama
653 _aFairy plays
700 1 _aSchlegel, August Wilhelm von,
_d1767-1845
740 0 _aA Midsummer Night's Dream. German
830 0 _aProject Gutenberg
_v7022
856 4 0 _uhttp://www.gutenberg.org/ebooks/7022
942 _cEB
999 _c236342
_d236342